| 000 | 00643nam a2200205 a 4500 | ||
|---|---|---|---|
| 005 | 20240925065419.0 | ||
| 008 | 991125s1976 mos 000 0 spa u | ||
| 035 | _aUPN01000054315 | ||
| 049 | _aF | ||
| 050 | 4 | _aHX36 S62 | |
| 245 | 0 | 3 |
_aEl socialismo y la paz son indivisibles : _bpreguntas y respuestas sobre el problema de la distensión internacional / _cG. Arbátov... [et al.] |
| 260 |
_aMoscú : _bNóvosti, _c1976 |
||
| 300 | _a30 p | ||
| 440 | 0 |
_aPanorama internacional M; _v76 |
|
| 650 | 4 |
_aSocialismo _97360 |
|
| 700 | 2 |
_aArbátov, G. A., _ecoaut. |
|
| 902 | _aCAV CARLOS AGUILAR VILLA | ||
| 904 |
_aAC _b054318 |
||
| 905 | _aLibro | ||
| 999 |
_c54315 _d54315 |
||